| 000 | 00816nam a2200217 a 4500 | ||
|---|---|---|---|
| 001 | 000020241 | ||
| 005 | 20200929170328.0 | ||
| 008 | 100730s2007 dr 000 0 spa d | ||
| 020 | _a9789945855173 | ||
| 040 |
_aDO-SdBNP _bspa _cBNPHU |
||
| 082 |
_aB869.3 _bM149r |
||
| 100 | 1 |
_aMachado de Asís, Joaquín María, _d1839-1908 _942853 |
|
| 245 | 1 | 3 |
_aEl reloj de oro / _cJoaquín Machado de Asís. |
| 260 |
_aSanto Domingo : _bCentro de Estudios Brasileños, _bEdiciones Peralta Domínguez, _c2007. |
||
| 300 |
_a111 p. ; _c17 cm. |
||
| 505 | 0 |
_tNoche de almirante -- _tLa cartomántica -- _tUna señora -- _tCantiga de esponsales -- _tMisa de gallo -- _tEl reloj de oro. |
|
| 650 | 4 |
_aCuentos brasileños _924191 |
|
| 650 | 4 |
_aLiteratura brasileña _9823 |
|
| 910 | _aValidado. Control de calidad EMS | ||
| 049 | _aBNGR | ||
| 999 |
_c19746 _d19746 |
||